Statistics for Rush songs

Click here to take the quiz!

General Stats

  • This quiz has been taken 1,031 times
  • The average score is 62 of 173

Answer Stats

Answer% Correct
Tom Sawyer
94%
2112
93%
Fly By Night
91%
Limelight
88%
The Spirit of Radio
84%
YYZ
83%
Working Man
82%
Red Barchetta
81%
Subdivisions
77%
Closer To The Heart
75%
Freewill
74%
The Trees
74%
A Farewell to Kings
72%
The Camera Eye
72%
Xanadu
72%
Roll The Bones
71%
Cygnus X-1 Book II Hemispheres
68%
Witch Hunt
68%
La Villa Strangiato
67%
A Passage To Bangkok
65%
Cygnus X-1
65%
Vital Signs
64%
Jacob's Ladder
63%
Anthem
60%
Presto
60%
By-Tor & The Snow Dog
58%
Test For Echo
58%
Time Stand Still
58%
Bastille Day
56%
The Analog Kid
56%
Lakeside Park
55%
Natural Science
55%
The Big Money
55%
Circumstances
53%
Clockwork Angels
53%
Distant Early Warning
53%
New World Man
53%
Cinderella Man
52%
Tears
52%
Entre Nous
51%
Red Sector A
51%
The Necromancer
51%
The Twilight Zone
50%
Digital Man
49%
Finding My Way
49%
I Think I'm Going Bald
49%
Vapor Trail
49%
Something For Nothing
48%
Countdown
46%
Lessons
46%
Manhattan Project
46%
In The Mood
44%
Madrigal
44%
Marathon
44%
Chemistry
43%
Losing It
42%
Different Strings
41%
Rivendell
40%
Afterimage
39%
BU2B
39%
Dreamline
39%
Kid Gloves
39%
The Weapon
39%
Animate
38%
Beneath, Between & Behind
38%
Caravan
38%
The Fountain of Lamneth
38%
Mystic Rhythms
37%
Red Lenses
37%
Between The Wheels
36%
Force Ten
36%
The Garden
36%
Far Cry
35%
In the End
35%
Bravado
34%
Nobody's Hero
34%
Show Don't Tell
34%
The Body Electric
34%
The Pass
34%
Mission
33%
Tai Shan
33%
The Enemy Within
33%
Grand Designs
32%
Take A Friend
32%
What You're Doing
32%
Leave That Thing Alone
31%
Territories
31%
Best I Can
30%
BU2B2
30%
Driven
30%
Ghost Of A Chance
30%
Here Again
30%
Middletown Dreams
30%
One Little Victory
30%
Emotion Detector
29%
Where's My Thing?
29%
Making Memories
28%
Need Some Love
28%
Superconductor
28%
Ghost Rider
26%
Lock And Key
26%
Before And After
24%
Cold Fire
24%
Dog Years
24%
Headlong Flight
24%
High Water
24%
Stick It Out
24%
The Big Wheel
24%
Alien Shore
22%
Available Light
22%
Carnies
22%
Chain Lightning
22%
Earthshine
22%
Prime Mover
22%
The Anarchist
22%
War Paint
22%
Workin' Them Angels
22%
Anagram (for Mongo)
21%
Malignant Narcissism
21%
Red Tide
21%
Scars
21%
Summertime Blues
21%
The Main Monkey Business
21%
Cut To The Chase
20%
Everyday Glory
20%
Half The World
20%
Hand Over Fist
20%
Heresy
20%
Hope
20%
Neurotica
20%
Resist
20%
Second Nature
20%
The Seeker
20%
The Wreckers
20%
Turn The Page
20%
You Bet Your Life
19%
Armor and Sword
18%
Between Sun & Moon
18%
Double Agent
18%
Face Up
18%
Open Secrets
18%
Seven Cities of Gold
18%
Totem
18%
Virtuality
18%
The Speed Of Love
17%
Wish Them Well
17%
Faithless
16%
Freeze
16%
Limbo
16%
Spindrift
16%
The Larger Bowl
16%
Carve Away The Stone
15%
Halo Effect
15%
How It Is
15%
Secret Touch
15%
For What It's Worth
14%
Ceiling Unlimited
13%
Crossroads
13%
Out Of The Cradle
13%
The Way the Wind Blows
13%
We Hold On
13%
Peacable Kingdom
12%
Seven And Seven Is
12%
The Color Of Right
12%
Time And Motion
11%
Bravest Face
10%
Good News First
10%
Heart Full Of Soul
10%
Nocturne
10%
The Stars Look Down
10%
Mr. Soul
9%
Sweet Miracle
9%
Shapes Of Things
8%

Score Distribution

Percentile by Number Answered

Percent of People with Each Score

Your Score History

You have not taken this quiz